000
00249nam a2200109Ia 4500
008
200302s9999 xx 000 0 und d
100
_a
K. M. Varma
245
_a
Stucco in India
260
_b
Proddu Santiniketan
260
_c
1983
300
_a
116 P.,
999
_c
2470
_d
2470